000 00482nam a2200181Ia 4500
005 20250326141441.0
008 250326s9999 xx 000 0 und d
037 _aTextbook
040 _aFMSL
_beng
_cFMSL
041 _aeng
_2eng
084 _qFMSL
100 _aHarvey G
_988490
245 0 _aComplete Lotus 1-2-3 release 2.2 hand book
_cHarvey G
260 _aNew Delhi
_bNew Delhi, BPB Publication.
_c1989
300 _a779p
942 _cTB
999 _c1290373
_d1290373